00814cam a2200241 a 450000100060000000300080000600500170001400800390003102000170007003500190008704000320010604100080013808200240014610000330017024501190020326000920032230000410041450400260045550400200048165000130050170000320051470000260054612217BD-RjUL20211208235244.0140128s1984 dcua b f001 0 eng a0895990148 : a(BD-RjUL)12266 aDLCcDLCdDLCdBD-RjULbeng aeng00a599.5219bMIW 19841 aMinasian, Stanley M.,d1947-14aThe world's whales :bthe complete illustrated guide /cStanley M. Minasian, Kenneth C. Balcomb III, Larry Foster. aWashington, D.C. :bSmithsonian Books,aNew York :bDistributed by W.W. Norton,cc1984. a224 p. :bill. (some col.) ;c27 cm. aBibliography: p. 219. aIncludes index. 0aCetacea.1 aBalcomb, Kenneth C.,d1940-1 aFoster, Larry,d1934-